[Event "EU-Cup 22nd"]
[Site "Fuegen"]
[Date "2006.10.13"]
[Round "6.1"]
[White "Georgiev, Kiril"]
[Black "Nisipeanu, Liviu Dieter"]
[Result "0-1"]
[WhiteElo "2680"]
[BlackElo "2690"]
[Annotator "Nisipeanu,LD"]
[PlyCount "74"]
[EventDate "2006.10.08"]
[EventType "team-swiss"]
[EventRounds "7"]
[EventCountry "AUT"]
[SourceTitle "CBM 115"]
[Source "ChessBase"]
[SourceDate "2006.11.15"]
[SourceVersion "1"]
[SourceVersionDate "2006.11.15"]
[SourceQuality "1"]
[WhiteTeam "Skopje"]
[BlackTeam "Clichy Echecs 92"]
[WhiteTeamCountry "MKD"]
[BlackTeamCountry "FRA"]

1. d4 Nf6 2. Nf3 e6 3. c4 c5 4. d5 b5 5. dxe6 fxe6 6. cxb5 d5 7. g3 a6 8. bxa6
Bd6 9. Bg2 O-O 10. O-O Nc6 11. b3 (11. Nc3 Bxa6 12. Bg5 {happened in
Bologan-Nisipeanu, Foros 2006 geschah in Bologan-Nisipeanu, Foros 2006}) 11...
Bxa6 12. Bb2 Qe8 {The classical route for the black queen in the Blumenfeld is
e8-h5, but here I am not certain that it is the best. Die klassische Route für
die schwarze Dame im Blumenfeld-Gambit ist e8-h5, hier aber bin ich nicht
sicher, dass dies am besten ist.} (12... Qe7 {as in Harikrishna-Chandler,
Gibraltar 2006 is also possible. wie in Harikrishna-Chandler, Gibraltar 2006,
ist ebenfalls möglich.}) 13. Nbd2 Rd8 {A useful move, but in this position
speed is essential. Ein nützlicher Zug. doch in dieser Stellung ist Zeit Geld.}
(13... Qh5 $142 14. Re1 {It is difficult to imagine any other reasonable plan
for White than the e2-e4 push, so this move is necessary. Für Weiß lässt sich
kaum ein anderer Plan vorstellen als der Vorstoß e2-e4, daher ist dieser Zug
nötig.} Ng4 15. h3 Nxf2 16. Kxf2 Nd4 {with a better version of the sacrifice
than in the game. mit einer besseren Version des Opfers als in der Partie.})
14. Re1 Ng4 $6 {A very sharp attempt to stop the e2-e4 threat once and for all.
I seriously doubt the correctness of this action, but during the game it is
anything but easy for White to prove it. Ein messerscharfer Versucht, die
Drohung e2-e4 ein für alle Mal aus der Welt zu schaffen. Ich habe ernste
Zweifel an der Korrektheit dieser Aktion, aber während der Partie ist es alles
andere als einfach für Weiß, dies zu beweisen.} ({The more restrained Das
zurückhaltendere} 14... Bc7 15. Qc2 Bb6 {would have been entirely playable.
wäre vollkommen spielbar gewesen.}) 15. h3 (15. e4 $6 c4 $5 (15... d4 {is also
reasonable. ist ebenfalls vernünftig.}) 16. exd5 Nxf2 17. Qc2 Bc5 18. Rxe6 Nd3+
19. Kh1 Ncb4 $1 {seems to be very dangerous for White. wirkt sehr gefährlich
für Weiß.}) 15... Nxf2 $1 {This move is practically forced, but even so it
took me half an hour to decide on it. Dieser Zug ist praktisch erzwungen, aber
auch so kostete mich die Entscheidung dafür eine halbe Stunde.} (15... Nge5 16.
Nxe5 Nxe5 17. f4 Nc6 18. e4 $16 {is certainly less attractive than the knight
sacrifice. ist sicherlich weniger attraktiv als das Springeropfer.}) 16. Kxf2
Nd4 $1 {One of the most complicated positions that I have reached in my entire
chess career. Black is a entire piece down, has no immediate threats, but
hopes to slowly build up the pressure, as White also has his problems in
finding a way to untangle his position. Eine der kompliziertesten Stellungen,
die ich in meiner gesamten Schachkarriere je gehabt habe. Schwarz hat eine
ganze Figur weniger und hat keine unmittelbaren Drohungen, hofft aber, langsam
den Druck zu erhöhen, da auch Weiß Probleme hat, einen Weg zu finden, seine
Stellung zu entwirren.} (16... Qg6 17. g4 h5 18. gxh5 $1 Qg3+ 19. Kg1 Rxf3 20.
Nxf3 Rf8 21. Rf1 {is definitely insuficient. ist definitiv unzureichend.}) 17.
g4 {During the game, I also considered this move to be the best and after
hours of analysing my opinion has not changed. Während der Partie hielt ich
diesen Zug für den besten, und auch nach stundenlanger Analyse hat sich meine
Meinung nicht geändert.} ({Also possible was Ebenfalls möglich war} 17. Nf1 {
but it is very easy to lose your way in the following complications: , aber es
ist sehr leicht, sich in den folgenden Komplikationen zu verheddern:} Qg6 $1 (
17... e5 18. Kg1 Qg6 19. Rc1 (19. Kh1 e4 20. N3h2 $1 (20. Nxd4 Rxf1+ 21. Bxf1
Qxg3 22. Nf3 d4 $17) 20... Bxg3 21. Nxg3 Qxg3 22. Bxd4 cxd4 23. Qxd4 Rf2 24.
Rg1 Bxe2 25. Nf1 Qh4 26. Qe5 $16) 19... Kh8 20. Qd2 Nxf3+ 21. exf3 Bxf1 22.
Rxf1 Qxg3 23. f4 $18) 18. Bxd4 (18. Kg1 Nxf3+ 19. exf3 Bxf1 20. Rxf1 Qxg3 21.
Re1 Rde8 $1 (21... Rf5 22. Rxe6 Rdf8 23. Qe2 d4 24. Rxd6 Qxd6 25. Qc4+ Kh8 26.
b4 $14) 22. Qd3 Rf7 (22... c4 23. bxc4 dxc4 24. Qe3 Rf5 25. Rad1 $16) 23. Re2
Ref8 24. Rf2 Rf5 25. Rd1 Qh2+ 26. Kf1 Bg3 27. Rc2 Rxf3+ 28. Bxf3 Qh1+ 29. Ke2
Qh2+ $11) 18... cxd4 19. Qxd4 e5 20. Qg4 $1 (20. Qxd5+ Kh8 21. Rac1 (21. Kg1 $2
Bc7 {traps the white queen in the centre of the board. fängt die weiße Dame
mitten auf dem Brett.}) 21... Bc7 22. Qc6 Bb6+ 23. e3 Rd6 $40) 20... Bc5+ (
20... Qf6 21. Kg1 e4 22. Ng5 Rde8 (22... Bc8 23. Qh4 Bf5 24. Nxe4 $16) 23. Nxh7
$1 Kxh7 24. Qh5+ Qh6 25. Qxh6+ $16) 21. e3 Qxg4 (21... Qf6 22. Kg1 e4 23. Nd4
Bxd4 24. exd4 Qxd4+ 25. Kh1 Qe5 26. Rac1 $16) 22. hxg4 e4 23. Rac1 Ba3 24. Rc7
d4 (24... Bc8 25. N1h2 exf3 26. Bxf3 d4 27. exd4 Rxd4 28. Kg2) (24... exf3 25.
Bxf3) 25. exd4 Rxd4 26. Re3 Bd6 (26... exf3 27. Rxf3 Bd6 28. Rc6 Bb5 29. Rxf8+
Kxf8 30. Rb6 Bxf1 31. Bxf1 $1 (31. Kxf1 Bxg3 $14) 31... Bc5 32. Rb5 Ba7 33. Kf3
Rd2 34. Ra5) 27. Rc6 $16) 17... h5 18. g5 $1 (18. e4 $2 hxg4 19. hxg4 Nxf3 20.
Nxf3 Bh2 $3 21. Qc1 Qg6 22. Rh1 Bf4 23. Qc3 dxe4 $19) (18. Kg1 hxg4 19. hxg4
Qg6 20. Bxd4 cxd4 21. Nf1 Rf4 22. g5 Rdf8 $13) 18... Qf7 (18... Qg6 19. Kg1
Nxf3+ 20. Nxf3) 19. e3 $2 {This natural move turns the tables in Black's
favour. Dieser natürliche Zug wendet das Blatt zugunsten von Schwarz.} ({
After Nach} 19. Kg1 $1 Qf4 20. Bxd4 (20. Nf1 Bxe2 (20... Nxf3+ 21. exf3 Qxg5
22. Rxe6 Bc8) 21. Rxe2 Nxf3+ 22. Kh1 Nxg5 23. Bc1 Qf5 24. Bxg5 Qxg5 25. Rxe6
Be5 26. Rb1 Rf2 27. Bxd5 Kh8 28. Be4 $1 Rdf8 29. Qc1 $1 Bf4 30. Qc4 Bb8 (30...
Be5) 31. Rg6 Qf4 32. Ng3 Qd2 33. Qxc5 R8f5 $3 $11) 20... cxd4 21. Nf1 e5 22.
Qd2 Qf7 23. b4 Bb8 24. Rac1 (24. a4 e4 25. Nxd4 Qc7 26. e3) 24... Bc4 25. Kh1 {
White emerges victorious from the complications. geht Weiß aus den
Komplikationen siegreich hervor.}) 19... Nxf3 20. Nxf3 Bh2 $3 $17 {A brilliant
move, one of the moves that makes you love chess. White's king finds no
shelter anymore and will be hunted for the rest of the game.  Ein brillanter
Zug, einer der Züge, aufgrund derer man Schach lieben muss. Der weiße König
findet keinen Schutz mehr und wird für den Rest der Partie gejagt werden.} 21.
Bf1 {After this move the white position is definitely lost. Nach diesem Zug
ist die weiße Stellung definitiv verloren.} ({No better is Nicht besser ist} 
21. Rh1 d4 $1 (21... Qc7 $2 22. Rxh2 Qxh2 23. Bf6 $1 $18) 22. exd4 Qf4 23. Rxh2
Qxh2 $19) ({Only Allein} 21. Bf6 $1 Qc7 22. Nxh2 Qxh2 23. Qxh5 Rxf6+ 24. gxf6
Rf8 25. f7+ Rxf7+ 26. Qxf7+ Kxf7 $17 {would have kept White in the game,
although here Black is much better. hätte Weiß im Spiel gelassen, wenngleich
Schwarz hier deutlich besser steht.}) 21... Qc7 $1 22. Bxa6 Qg3+ 23. Ke2 Qg2+
24. Kd3 c4+ 25. Kc3 Rxf3 26. Qd4 ({More stubborn was Hartnäckiger war} 26. Re2
Rxe3+ $1 27. Kd2 (27. Rxe3 d4+ 28. Kxc4 Qd5+ 29. Kd3 dxe3+ {is a pure massacre.
ist ein reines Massaker.}) {and here I needed to find the stunning , und hier
hätte ich in Zeitnot das verblüffende} 27... Qxg5 $3 {in time trouble, which
is anything but easy. finden müssen, was alles andere als leicht ist.} 28. Rxe3
d4 29. Kc2 dxe3 $19) 26... Rf2 $19 {After this Black is clearly winning and my
time trouble was not acute enough to influence the final result. Danach steht
Schwarz klar auf Gewinn, und meine Zeitnot war nicht akut genug, um das
Endresultat zu beeinflussen.} 27. Qb6 Be5+ 28. Kb4 Rb8 29. Bb7 Bxb2 30. Qxe6+
Kh8 31. Kc5 Bxa1 32. Bxd5 Qxg5 33. Rxa1 c3 34. h4 Qxh4 35. e4 c2 36. Rc1 Qg5
37. Qh3 Qxc1 0-1

[Event "St Petersburg op2"]
[Site "St Petersburg"]
[Date "1994.??.??"]
[Round "6"]
[White "Ehlvest, Jaan"]
[Black "Popov, Valerij"]
[Result "0-1"]
[WhiteElo "2600"]
[BlackElo "2395"]
[Annotator "Notkin,M"]
[PlyCount "64"]
[EventDate "1994.10.??"]
[EventType "swiss"]
[EventRounds "9"]
[EventCountry "RUS"]
[SourceTitle "CBM 043 Extra"]
[Source "ChessBase"]
[SourceDate "1995.01.01"]
[SourceVersion "1"]
[SourceVersionDate "1995.01.01"]
[SourceQuality "1"]

1. d4 Nf6 2. Nf3 c5 3. d5 e6 4. c4 b5 5. dxe6 fxe6 6. cxb5 Bb7 7. Nc3 Be7 8.
Bg5 d5 9. e3 Nbd7 10. Be2 O-O 11. O-O Kh8 $5 (11... Qe8 12. Qc2 Bd6 13. Rfe1
Rd8 14. Rad1 Bb8 15. Bh4 Kh8 16. Bf1 e5 17. e4 $1 $16 {Kholmov,R-Portisch,L/
HUN/1959/}) (11... Qc7 12. Rc1 Rae8 13. Bh4 Bd6 14. Bg3 e5 15. b4 c4 $146 {
Kan,I-Goldenov,B/URS/1946/}) 12. Rc1 Bd6 (12... e5 $2 13. Bxf6) 13. e4 $5 d4
14. b4 cxb4 15. Na4 (15. Qxd4 Bc5) 15... e5 16. Nd2 Qe8 {/\17.Nc4 Ne4} (16...
Nb6 $5) 17. f3 Nb6 (17... Qg6 18. Bh4 (18. Bxf6 $5 {/\Nc4/}) 18... Rae8) 18.
Nc4 (18. Nc5 Bxc5 19. Rxc5 Qe7 20. Qc2 Rac8 21. Rc1 h6 22. Bh4 Qd6 $13) 18...
Nxc4 19. Bxc4 Qg6 20. Bd2 (20. Bh4 $2 Nxe4 $1 21. fxe4 Qxe4 $19) (20. Bxf6 Rxf6
21. Qb3 Raf8 22. Bd5 Bc8 $13) 20... Nxe4 $1 21. fxe4 (21. Bd3 $5 Nf2 (21...
Nxd2 $5 22. Bxg6 Nxf1 23. Qxf1 (23. Bxh7 Ne3 24. Qd3 Nxg2 $1 $17) 23... hxg6
24. Qd3 Rf6 $13) 22. Bxg6 Nxd1 23. Rfxd1 hxg6 24. Nc5 Bxc5 25. Rxc5 e4 $10)
21... Bxe4 22. Rxf8+ (22. Qe2 $2 d3 $19) (22. g3 Bb7) 22... Rxf8 23. Bf1 Ba8
24. Qe1 (24. Nc5 e4 25. Bxb4 Qh6 $19) (24. Nb2 e4 25. Nc4 Be7 $1 (25... e3 26.
Bxe3 dxe3 27. Nxd6 e2 28. Qxe2 Qxd6 $10) 26. Ne5 (26. Qe1 Qf5 27. h3 Qxb5 $17)
26... Qf6 27. Nc6 e3 28. Nxe7 (28. Bxb4 Bxb4 29. Nxb4 Qf2+ 30. Kh1 e2 31. Qxe2
Bxg2+ $19) 28... Qf2+ 29. Kh1 exd2 30. Ra1 (30. Rb1 Be4 $19) 30... Re8 31. Qg4
Qe1 $19) 24... Qf5 25. h3 e4 26. Bxb4 Bxb4 27. Qxb4 Qf2+ 28. Kh2 (28. Kh1 d3
29. Qd6 (29. Nc5 d2 30. Rd1 Qxf1+ $19) 29... d2 30. Rd1 e3 31. Nc3 h6 32. Qg6
Rf6 33. Qe8+ Rf8 $10) 28... h6 $2 (28... d3 29. Qd6 e3 $1 30. Qg3 (30. Qxd3 e2
31. Qxe2 Qf4+ 32. Kg1 Qxc1 $19) 30... Qxg3+ 31. Kxg3 d2 32. Rd1 h5 $1 $17) 29.
b6 $2 (29. Qd6 d3 30. Nc3 d2 31. Rd1 e3 32. Qg6 $10) 29... d3 30. Qd6 (30. b7
Bxb7 31. Qxb7 Qf4+) 30... e3 $1 31. Nc5 $2 (31. Qxd3 e2 32. Qxe2 Qf4+ 33. Kg1
Qxc1 34. bxa7 Qf4 $19) 31... e2 32. Nxd3 exf1=N+ $1 0-1

[Event "Moscow op2"]
[Site "Moscow"]
[Date "1995.??.??"]
[Round "7"]
[White "Notkin, Maksim"]
[Black "Vlassov, Nikolai"]
[Result "1/2-1/2"]
[WhiteElo "2520"]
[BlackElo "2445"]
[Annotator "Notkin,M"]
[PlyCount "115"]
[EventDate "1995.11.??"]
[EventType "swiss"]
[EventRounds "9"]
[EventCountry "RUS"]
[SourceTitle "CBM 050 Extra"]
[Source "ChessBase"]
[SourceDate "1996.03.01"]
[SourceVersion "1"]
[SourceVersionDate "1996.03.01"]
[SourceQuality "1"]

1. d4 Nf6 2. c4 Nc6 3. Nf3 e6 4. a3 d5 5. Nc3 g6 (5... a6 6. cxd5 exd5 7. Bg5
Be7 8. e3 O-O 9. Bd3 g6 10. O-O Nh5 11. Bxe7 Nxe7 12. h3 Nf6 13. b4 Bf5 $11 {
Timoshenko,G-Naumkin,I/URS/1987/1:0/47/}) 6. Bf4 Bg7 7. e3 O-O 8. Bd3 (8. Qc2
Bd7 9. Rd1 a6 10. h3 Re8 11. Bh2 Na7 12. Ne5 b5 13. cxd5 exd5 14. Bd3 $14 {
Sakaev,K-Bliumberg,V/Groningen/1992/1:0/61/}) 8... Ne7 9. O-O b6 10. Rc1 Bb7
11. Be5 (11. cxd5 $32 Nexd5 (11... exd5 $6 12. Nb5 c6 13. Nd6 $16) 12. Nxd5
Nxd5 13. Be5 f6 14. Bg3 f5 $14) 11... a6 12. Qe2 Qd7 13. Rfd1 Rfc8 14. h3 (14.
e4 $14) 14... Qe8 15. e4 dxc4 16. Bxc4 b5 17. Ba2 (17. Bd3 $14 c5 $2 18. dxc5
Rxc5 19. Bxf6 Bxf6 20. Nd5 $18) 17... c5 18. dxc5 Rxc5 19. Qe3 (19. Bxf6 Bxf6
20. Nd5 $2 Bxd5 21. Rxc5 Bxa2) 19... Rcc8 (19... Rac8 20. Bd6) 20. Qf4 Nh5 21.
Qe3 Nf6 22. Qf4 Nh5 23. Qg4 Rd8 24. Bxg7 Nxg7 (24... Kxg7 25. Ne5 Nf6 (25...
Rxd1+ 26. Rxd1 Rd8 27. Rxd8 Qxd8 28. Nxf7 $1 Kxf7 29. Qxe6+ Kg7 30. g4 $18) 26.
Qf4 $14) 25. Qf4 Rxd1+ 26. Rxd1 Rd8 27. Rxd8 Qxd8 28. Ne5 Qe8 29. Ng4 Nh5 30.
Qc7 (30. Qe5 Nc6 31. Nh6+ Kf8 32. Qh8+ Ke7 33. Qxh7 Ne5 $44) 30... Bc8 31. e5
$6 (31. Ne5 $5) 31... Qd7 32. Qc5 Bb7 33. Qd6 Qc6 34. f3 Nf5 35. Qxc6 Bxc6 36.
Kf2 $2 (36. Ne2 $11) 36... Nf4 37. Bb1 h5 38. Nf6+ Kf8 39. Nd1 (39. h4 Nxh4 40.
g3 Nh3+) (39. Nfe4 $5) 39... Ke7 (39... h4 $5) 40. Ne4 a5 $2 (40... h4 $15) 41.
g3 Nd5 (41... Nxh3+ $2 42. Kg2 Bxe4 43. fxe4 $18) 42. h4 Nb6 43. Nd2 b4 44.
axb4 axb4 45. Bxf5 gxf5 46. Ke3 f6 47. exf6+ (47. Kd4 fxe5+ $1 48. Kc5 Ba4 49.
b3 Nd7+ 50. Kxb4 Bc6 $11) 47... Kxf6 48. Kd4 f4 $1 49. gxf4 (49. g4 hxg4 50.
fxg4 Nd7) 49... Nd5 50. Ne4+ Kf5 51. Ng3+ Kxf4 52. Nxh5+ Kxf3 53. b3 Nc3 $5 54.
Nxc3 e5+ 55. Kc4 bxc3 56. Kxc3 e4 57. Kd4 e3 (57... Bb7 58. Ng3 Kxg3 59. h5 Kf2
$11) 58. Ng3 1/2-1/2

[Event "Rohde op 12th"]
[Site "Sautron"]
[Date "2012.10.28"]
[Round "2"]
[White "Colin, Vincent"]
[Black "Rusev, Krasimir"]
[Result "1-0"]
[WhiteElo "2407"]
[BlackElo "2549"]
[Annotator "Primel,D"]
[PlyCount "95"]
[EventDate "2012.10.27"]
[EventType "swiss"]
[EventRounds "9"]
[EventCountry "FRA"]
[SourceTitle "EXT 2014"]
[Source "ChessBase"]
[SourceDate "2013.11.20"]
[SourceVersion "1"]
[SourceVersionDate "2013.11.20"]
[SourceQuality "1"]
[TimeControl "40/5400+30:1800+30"]
[WhiteClock "1:30:00"]
[BlackClock "1:30:00"]

1. d4 {[%emt 0:00:00]} Nf6 {[%emt 0:00:00]} 2. c4 {[%emt 0:00:00]} Nc6 {
[%emt 0:00:00]} 3. Nf3 {[%emt 0:00:00]} e6 {[%emt 0:00:05][%cal Gf8b4]} 4. a3
$1 {[%emt 0:01:07] Plus ambitieux que Bd2 joué а la seconde ronde qui n'avait
pas posé de problèmes au Bulgare} (4. Nc3 Bb4 5. Qc2 {Transposant dans une
variante Zurich de la Nimzo-Indienne} d6 {[%cal Ge6e5]} 6. a3 (6. Bd2 {Drasko,
M (2471)-Rusev,K (2549) 12th Sautron Open 2012 (9.7) 0-1}) 6... Bxc3+ 7. Qxc3
O-O (7... a5) 8. b4 e5 $132) 4... d6 {[%emt 0:00:22][%cal Ge6e5]} 5. Nc3 {
[%emt 0:00:47]} g6 {[%emt 0:00:04]} 6. e4 {[%emt 0:00:27]} Bg7 {[%emt 0:00:05]}
7. Be2 {[%emt 0:00:42]} (7. h3 O-O 8. Be3 (8. Bg5) 8... Re8 {[%cal Ge6e5]})
7... O-O {[%emt 0:00:40]} 8. O-O {[%emt 0:00:14]} Re8 {[%emt 0:02:10] Ce
système Tango est lent mais difficile а réfuter malgré les tempi perdus.} 9. d5
{[%emt 0:11:04]} ({La ligne principale mais après une petite hésitation,
Vincent va choisir la ligne critique d5.} 9. Be3 $143 e5 10. d5 Nd4 {[%csl Gd4,
Re4][%cal Gg7d4]} 11. Nxd4 exd4 12. Bxd4 Nxe4 $36 {Popov,V (2545)-Bologan,V 
(2676) RUS-chT Tomsk 2001 (3) 0-1}) 9... exd5 {[%emt 0:00:54][%csl Ge8]} 10.
cxd5 {[%emt 0:00:53]} Ne7 {[%emt 0:00:28]} 11. Nd4 $5 $146 {[%emt 0:06:04]} (
11. Re1 c6 12. dxc6 Nxc6 13. Bf1 Bg4 14. h3 Bxf3 15. Qxf3 d5 16. Bg5 Nd4 17.
Qd3 dxe4 18. Nxe4 Qb6 19. Nxf6+ Bxf6 20. Bxf6 Qxf6 21. b4 a6 22. a4 Rad8 23.
Rxe8+ Rxe8 24. Rc1 Rd8 25. Qe4 Qb6 {Nikolov,M (2550)-Arnaudov,P (2404)/
Blagoevgrad 2010/CBM 135 Extra/1-0 (41)}) 11... c6 $1 {[%emt 0:00:39] Le
bulgare n'était pas surpris par la nouveauté et il répond а tempo} 12. dxc6 $1
{[%emt 0:00:26]} (12. Bf3 $143 {[%cal Gf3d5] Un coup naturel mais après
l'échange, le Bf3 est assez passif} cxd5 13. exd5 Nf5 14. Nxf5 Bxf5 $11 {
[%csl Rf3]}) 12... Nxc6 {[%emt 0:01:19]} 13. Nxc6 {[%emt 0:03:56]} bxc6 {
[%emt 0:00:03]} 14. Qa4 {[%emt 0:00:13]} Bd7 {[%emt 0:46:42] Le GMI avait joué
jusqu'içi а tempo mais pour le 01er coup coup hors préparation, il va
réfléchir plus de 45 mns.} (14... Qe7 $5 {Plus actif} 15. Qxc6 Bb7 $132 {
[%csl Re4]}) 15. Bf4 {[%emt 0:10:55]} (15. Rd1 d5 $132 {[%cal Gd7a4]}) 15... d5
{[%emt 0:06:19]} (15... Rb8 $5 {Plus souple} 16. Rab1 Qe7 17. Rfd1 Nxe4 18.
Nxe4 Qxe4 19. Qxe4 Rxe4 20. Bxd6 Rxb2 $132) 16. e5 $1 {[%emt 0:01:07]} Nh5 {
[%emt 0:00:06]} 17. Bxh5 {[%emt 0:00:58]} gxh5 {[%emt 0:00:02]} 18. Rfe1 $14 {
[%emt 0:02:01][%csl Rf6,Rh5]} Re6 {[%emt 0:06:18]} (18... h4 $5) (18... Rb8 19.
e6) 19. Bg3 {[%emt 0:03:55]} Qe7 {[%emt 0:02:04]} (19... a5 $5 {[%csl Rb2]
[%cal Gd8b6]}) (19... Rg6) 20. f4 {[%emt 0:03:39][%csl Re6][%cal Gf4f5]} Rg6
$132 {[%emt 0:04:11][%cal Gh5h4,Gh4h3,Gg6g2]} (20... Rb8 21. Qxa7 (21. f5 Rxe5
22. Bxe5 Bxe5 23. Qxa7 Rxb2) 21... Rxb2 22. Rab1) 21. Bf2 {[%emt 0:04:20]} (21.
Kh1 h4 22. Bf2 h3 23. g3 Bg4 $36 {[%cal Gg4f3]}) 21... h4 $1 {[%emt 0:05:46]
[%csl Rg2,Rg3]} 22. Qd1 $1 {[%emt 0:05:36] Il faut ramener du matériel en
défense а l'aile-roi} Bh3 $36 {[%emt 0:04:31]} 23. g3 {[%emt 0:00:19]} h5 {
[%emt 0:10:49][%cal Gh4g3,Gh5h4]} 24. Qd3 {[%emt 0:03:28] Refuse le sacrifice
qui donnait des fortes compensations aux Noirs.} (24. Qxh5 hxg3 25. hxg3 Qe6
$44 {[%csl Rh1,Rh5][%cal Gg6h6]}) 24... Qd7 {[%emt 0:00:50]} 25. Rad1 {[%emt 0:
01:21]} hxg3 {[%emt 0:03:49]} 26. hxg3 {[%emt 0:00:07]} h4 $40 {[%emt 0:00:03]}
27. Ne4 {[%emt 0:04:11][%cal Ge4g3]} Bf5 $6 {[%emt 0:00:35][%csl Re4][%cal
Gf5e4]} (27... hxg3 $142 {Il semblait plus logique d'ouvrir l'aile-roi} 28.
Nxg3 Qg4 {[%cal Gg4g1,Gg4f4]}) 28. Nc5 $1 {[%emt 0:00:35] Provoque l'échange
des Q qui va soulager la défense des Blancs} Bxd3 {[%emt 0:02:46]} 29. Nxd7 {
[%emt 0:00:08]} Bf5 {[%emt 0:00:02]} 30. Nc5 {[%emt 0:00:36]} hxg3 {[%emt 0:00:
04]} 31. Bd4 {[%emt 0:00:34]} Bh6 {[%emt 0:00:58]} 32. Kg2 {[%emt 0:03:09]}
Bxf4 $17 {[%csl Gf4,Gf5,Rg2][%cal Gg8g7,Ga8h8]} 33. Rh1 $1 {[%emt 0:01:03] Il
faut anticiper Kg7 suivi de Rh8 qui donnerait une attaque gagnante aux Noirs}
Bh6 $2 $138 {[%emt 0:02:55]} (33... Kg7 $142 $1 {L'échec e5e6 n'est pas
dangereux et les Noirs n'ont pas vraiment le choix pour développer la dernière
pièce.} 34. e6+ f6 35. Rdf1 Rg4 $40 {[%cal Ga8h8]} 36. Rh5 (36. Nd7 $2 Be4+)
36... Bg5 $1 {[%cal Gg5f6,Ga8h8,Gg4d4]} 37. Rxf5 Rxd4) 34. Rdf1 {[%emt 0:01:43]
} Be6 {[%emt 0:00:36]} 35. Rf6 $1 {[%emt 0:02:51] Repoussant l'attaque avec
sang-froid} Rxf6 {[%emt 0:00:06]} 36. exf6 {[%emt 0:01:29]} Bf4 {[%emt 0:00:17]
} (36... Bf8 37. Kxg3) 37. Rh4 {[%emt 0:03:50]} Bd6 38. Nxe6 {[%emt 0:00:29]}
fxe6 {[%emt 0:00:14]} 39. Rg4+ $1 {[%emt 0:00:03] Au 38ème coup, la Ra8 n'est
toujours pas développée et le K Noir est assez mal placé} Kf8 {[%emt 0:01:49]}
40. Rg7 {[%emt 0:00:00][%csl Ra7,Gg7]} c5 $6 {[%emt 0:00:00] Un coup naturel
mais qui laisse le temps aux Blancs de recycler le B avec la menace Bh6
donnant une découverte mortelle} (40... Ke8 41. Rg8+ Bf8) 41. Be3 $40 {[%emt 0:
05:13][%cal Ge3h6,Gh6f8,Gg7d7]} Rb8 {[%emt 0:02:09] la R se développe au ...
41ème coup!} 42. b4 $1 {[%emt 0:01:35]} cxb4 {[%emt 0:05:05]} 43. Bh6 $18 {
[%emt 0:04:35][%cal Gh6f8,Gg7b7]} Ke8 {[%emt 0:13:52]} (43... bxa3 $8 44. Rb7+
Kg8 45. f7+ Kh7 46. f8=Q+ Rxb7 47. Qxd6 a2 (47... Kxh6 48. Qxe6+) 48. Qe5 Kxh6
49. Qxe6+ Kh7 50. Qf5+ Kg7 51. Qg4+ Kf6 52. Qf3+ Ke5 53. Qe2+ Kd4 54. Qxa2 Ke4
55. Kxg3 {Il est peut-être encore possible de construire une forteresse et
d'essayer d'annuler mais paradoxalement le K Noir serait ieux placé en e6
qu'en e4, de manière а jouer Rf7}) 44. f7+ {[%emt 0:06:55]} Ke7 {[%emt 0:00:04]
} 45. Bg5+ {[%emt 0:00:11]} Kf8 {[%emt 0:00:03]} 46. Rh7 {[%emt 0:00:08]} Be5 {
[%emt 0:01:51]} 47. Bh6+ {[%emt 0:01:03]} Bg7 {[%emt 0:00:03]} 48. Rxg7 {
[%emt 0:00:37]} 1-0